00540nam a2200145 4500245009000000710001600090710001800106260004600124300002700170490004900197020001500246082001500261952010300276999001500379 aSustainable forestry challenges for developingceidted by Matti Palo and Gerardo Mery aPalo, Matti aMery, Gerardo aBostonbKluwer Academic Publisherscc1996 a[8],388p.:ill.; 24cm.- aEnvironmental science and technology, no.10. a0792337387 a333.7bPAL 001040708GEYAaNEHUbNEHUd2011-11-24l0o333.7 PALpB6092r2011-11-24 00:00:00w2011-11-24yBK c4026d4026